| 000 | 00738nam a2200229 a 4500 | ||
|---|---|---|---|
| 001 | 14060 | ||
| 003 | BD-JhCC | ||
| 005 | 20240912103831.0 | ||
| 008 | 240912b2013 us |||| ||a| 000 0 eng d | ||
| 020 | _a 9781929694150 | ||
| 035 | _a(BD-JhCC)14060 | ||
| 040 |
_aBD-JhCC _dBD-JhCC |
||
| 041 | _aenglish | ||
| 082 |
_a297.5 _bYUS 2004 |
||
| 100 | _a Yusuf,Hamza | ||
| 245 |
_a Purification of the heart : _bsigns, symptoms, and cures of the spiritual diseases of the heart / _cHamza Yusuf. |
||
| 260 |
_aAmerica: _b Starlatch Books; _c2004. |
||
| 300 |
_a211 p. : _billustrations ; _c24 cm. |
||
| 650 |
_a Direction spirituelle _vIslam _xReligious life _ySpiritual direction _z Spiritual life Islam |
||
| 942 |
_2ddc _cBK |
||
| 999 |
_c14060 _d14060 |
||